Winners Of Ballon d'Or - Statistics

General Stats
  • This quiz has been taken 156 times
  • The average score is 35 of 50
Answer Stats
Hint Answer % Correct
2017 Real Madrid Cristiano Ronaldo
100%
2014 Real Madrid Cristiano Ronaldo
100%
2013 Real Madrid Cristiano Ronaldo
100%
2008 Man Utd Cristiano Ronaldo
100%
2016 Real Madrid Cristinano Ronaldo
100%
2019 Barcelona Lionel Messi
100%
2015 Barcelona Lionel Messi
100%
2012 Barcelona Lionel Messi
100%
2011 Barcelona Lionel Messi
100%
2010 Barcelona Lionel Messi
100%
2009 Barcelona Lionel Messi
100%
2002 Real Madrid Ronaldo
100%
1997 Internazionale Ronaldo
100%
2018 Real Madrid Luka Modric
92%
2007 AC Milan Kaka
90%
2005 Barcelona Ronaldinho
88%
2006 Real Madrid Fabio Cannavaro
81%
1974 Barcelona Johan Cruyff
79%
1973 Barcelona Johan Cruyff
79%
1971 Ajax Johan Cruyff
79%
2001 Liverpool Michael Owen
77%
1998 Juventus Zinedine Zidane
76%
2000 Real Madrid Luis Figo
74%
2003 Juventus Pavel Nedved
73%
2004 AC Milan Andriy Shevchenko
72%
1999 Barcelona Rivaldo
70%
1992 AC Milan Marco van Basten
69%
1989 AC Milan Marco van Basten
69%
1988 AC Milan Marco van Basten
69%
1970 Bayern Munich Gerd Muller
66%
1976 Bayern Munich Franz Beckenbauer
62%
1972 Bayern Munich Franz Beckenbauer
62%
1985 Juventus Michel Platini
61%
1984 Juventus Michel Platini
61%
1983 Juventus Michel Platini
61%
1987 AC Milan Ruud Gullit
56%
1994 Barcelona Hristo Stoichkov
50%
1995 AC Milan George Weah
49%
1990 Internazionale Lothar Matthaus
49%
1993 Juventus Roberto Baggio
47%
1991 Marseille Jean-Pierre Papin
46%
1996 Borussia Dortmund Matthias Sammer
45%
1981 Bayern Munich Karl-Heinz Rummenigge
40%
1980 Bayern Munich Karl-Heinz Rummenigge
40%
1979 Hamburg Kevin Keegan
37%
1978 Hamburg Kevin Keegan
37%
1982 Juventus Paolo Rossi
26%
1986 Dynamo Kyiv Igor Belanov
17%
1977 Borussia Monchengladbach Allan Simonsen
15%
1975 Dyanmo Kyiv Oleg Blokhin
15%
No matching quizzes found
Score Distribution
Percent of People with Each Score
Percentile by Number Answered
Your Score History
You have not taken this quiz